000 00500nam a2200193Ia 4500
003 GCL
005 20240530100306.0
008 140319s9999 xx 000 0 eng d
040 _aGCL /
_cGCL
082 0 4 _a181.07
_bR A
100 1 _aRENAN, ERNEST
245 1 0 _aAVERROES ET L'AVERROISME /
_cRENAN, ENNEST
260 _a[S.N] :
_bMAISONNEUVE ET LAROSE ،
_c1997
300 _a299 P
650 0 4 _aISLAMIC PHILOSOPHY
650 0 4 _aPHILOSOPHY
650 0 4 _aORIENTAL PHILOSOPHY
942 _2ddc
_cBK
999 _c16144
_d16144